KATSEYE - Chansons en emojis - Statistiques

Statistiques générales
  • Ce quiz a été pris 297 fois
  • Le résultat moyen est 7 sur 9
Statistiques - réponses
Emojis Chansons % Correct
💃🏻 Gabriela
99%
🎮👾👦🏻 Gameboy
95%
💻👩🏻 Internet Girl
89%
🫳👤👈 Touch
84%
🧛🏻👻🧌🏫😱🎶 Monster High Fright Song
82%
🙋🏻‍♀️🛣️ My Way
76%
🥇 Debut
74%
😈👩🏻 Mean Girl
61%
🔥 Flame
60%
Aucun quiz correspondant
Distribution des résultats
% des personnes avec chaque résultat
Percentile par nombre de réponses
Votre historique - résultats
Vous n’avez pas pris ce quiz